Geography Quiz

Random Geography or State Quiz

10 Largest US States in Order Quiz Stats

 Plays Quiz Updated Jun 1, 2015

Support Sporcle.
Go Orange.
Score 0/10 Timer 02:00
49 Plays Today
% Correct
???
100%
???
92.9%
???
83.4%
???
72.3%
???
44.8%
???
35.1%
???
26.1%
???
16.4%
???
9.3%
???
9.3%

From the Vault

'A' Food Pictures

by THEJMAN

We tried to put all these foods together in a giant recipe. It didn't taste all that great, but now we're pretty sure we can see through time and space.
Remove Ads.
Support Sporcle.
Get the best of Sporcle when you Go Orange. This ad-free experience offers more features, more stats, and more fun while also helping to support Sporcle. Thank you for becoming a member.

Show Comments

Extras

Top Quizzes Today


Score Distribution

Your Account Isn't Verified!

In order to create a playlist on Sporcle, you need to verify the email address you used during registration. Go to your Sporcle Settings to finish the process.

Report this User

Report this user for behavior that violates our Community Guidelines.

Details: